El diálogo ecuménico animado desde el Celam (Registro nro. 64125)
[ vista simple ]
| 000 -LÍDER | |
|---|---|
| Campo fijo de descripción fija | 01357nas a2200253 4500 |
| 001 - NÚMERO DE CONTROL | |
| Campo de control | 768714001 |
| 003 - IDENTIFICADOR DEL NÚMERO DE CONTROL | |
| Campo de control | CO-MdFUSB |
| 005 - FECHA Y HORA DE LA ULTIMA TRANSACCIÓN | |
| control field | 20190202100524.0 |
| 008 - ELEMENTOS DE LONGITUD FIJA -- INFORMACIÓN GENERAL | |
| Campo fijo de descripción fija -- Información general | 171116s2017 ck ||||| |||| 00| 0 spa d |
| 022 ## - NÚMERO INTERNACIONAL NORMALIZADO PARA PUBLICACIONES SERIADAS | |
| Número Internacional Normalizado para Publicaciones Seriadas | 0120-3649 |
| 040 ## - FUENTE DE CATALOGACIÓN | |
| Agencia Catalogadora | CO-MdFUSB |
| Idioma de catalogación | spa |
| Agencia que realiza la transcripción | CO-MdFUSB |
| Agencia que realiza la modificación | CO-MdFUSB |
| 041 ## - CÓDIGO DE IDIOMA | |
| Código de idioma para texto/pista de sonido o título separado | spa |
| 100 ## - ASIENTO PRINCIPAL--NOMBRE PERSONAL | |
| Nombre personal | Merino Beas, Patricio |
| Término relacionador | autor |
| 245 ## - TÍTULO | |
| Título | El diálogo ecuménico animado desde el Celam |
| Mención de responsabilidad | / Patricio Merino Beas |
| 300 ## - DESCRIPCIÓN FÍSICA | |
| Extensión | Volumen 67. Número 184 (2017), páginas 387-410 |
| Dimensiones | : 24 cm. |
| 520 1# - NOTA DE RESUMEN, ETC. | |
| Nota de sumario, etc. | Este escrito es fruto de una investigación documental y bibliográfica realizada en el archivo general del Consejo Episcopal Latinoamericano, Celam. Se centra en el aporte que, en sus sesenta años de historia, este ha realizado en el ámbito del diálogo ecuménico. Muestra a las personas involucradas en el proceso, los aportes de las asambleas generales del episcopado, los principales énfasis teológicos y de pastoral ecuménica; y destaca la evolución de los conceptos, el influjo de la eclesiología de comunión y del discipulado misionero. |
| 650 #0 - ASIENTO SECUNDARIO DE MATERIA - TERMINO TEMÁTICO | |
| Término temático o nombre geográfico como elemento de entrada | Teología práctica |
| 9 (RLIN) | 180 |
| 653 ## - TÉRMINO DE INDIZACIÓN - NO CONTROLADO | |
| Término no controlado | Dialogo ecuménico |
| 653 ## - TÉRMINO DE INDIZACIÓN - NO CONTROLADO | |
| Término no controlado | Comunión |
| 653 ## - TÉRMINO DE INDIZACIÓN - NO CONTROLADO | |
| Término no controlado | Colegialidad |
| 653 ## - TÉRMINO DE INDIZACIÓN - NO CONTROLADO | |
| Término no controlado | Pastoral ecuménica |
| 773 ## - ASIENTO DE ITEM FUENTE | |
| Biblionumber | 49424 |
| Itemnumber | 76244 |
| Parte(s) relacionada(s) / Volumen., número. (mes año), páginas | Volumen 67. Número 184 (2017), páginas 387-410 |
| Enumeración y primera página | Página 410 |
| Título | Theologica Xaveriana |
| 942 ## - TIPO DE MATERIAL (KOHA) | |
| Tipo de Item KOHA | Artículos de Revista |
| Expurgo - (Retirado) | Estado de Perdido | Estado de Dañado | No prestable | Ubicación habitual | Ubicación actual | Ubicación en Estantería | Fecha de Adquisición | Tipo de Material |
|---|---|---|---|---|---|---|---|---|
| Biblioteca FUSBC | Biblioteca FUSBC | Hemeroteca | 16/11/2017 | Artículos de Revista |
